| 000 | 01947nam a22004211i 4500 | ||
|---|---|---|---|
| 001 | ebr10777911 | ||
| 003 | CaPaEBR | ||
| 006 | m o d | ||
| 007 | cr cn||||||||| | ||
| 008 | 130423s2012 sz a ob 101 0 eng d | ||
| 020 | _a9783038130383 (e-book) | ||
| 020 | _z9783037855041 (pbk.) | ||
| 040 |
_aCaPaEBR _beng _erda _epn _cCaPaEBR |
||
| 035 | _a(OCoLC)868961282 | ||
| 050 | 1 | 4 |
_aTA401.3 _b.I6295 2012eb |
| 111 | 2 |
_aInternational Conference on Energy Materials and Material Application _d(2012 : _cWuhan, China) |
|
| 245 | 1 | 0 |
_aAdvanced research on energy materials and material application : _bselected, peer reviewed papers from the 2012 International Conference on Energy Materials and Material Application (EMMA2012), September 17-18, 2012, Wuhan, China / _cedited by Helen Zhang, David Jin and X. J. Zhao. |
| 246 | 3 | _aEMMA 2012 | |
| 264 | 1 |
_aDurnten-Zurich : _bTrans Tech Publications, _c[2012] |
|
| 264 | 4 | _c�2012 | |
| 300 |
_a1 online resource (230 pages) : _billustrations. |
||
| 336 |
_atext _2rdacontent |
||
| 337 |
_acomputer _2rdamedia |
||
| 338 |
_aonline resource _2rdacarrier |
||
| 490 | 1 |
_aAdvanced materials research, _x1022-6680 ; _vvolume 578 |
|
| 504 | _aIncludes bibliographical references and indexes. | ||
| 588 | _aDescription based on online resource; title from PDF title page (ebrary, viewed November 4, 2013). | ||
| 590 | _aElectronic reproduction. Palo Alto, Calif. : ebrary, 2013. Available via World Wide Web. Access may be limited to ebrary affiliated libraries. | ||
| 650 | 0 |
_aMaterials science _vCongresses. |
|
| 650 | 0 |
_aPower (Mechanics) _vCongresses. |
|
| 655 | 0 | _aElectronic books. | |
| 700 | 1 | _aJin, David. | |
| 700 | 1 | _aZhang, Helen. | |
| 700 | 1 | _aZhao, X. J. | |
| 797 | 2 | _aebrary. | |
| 830 | 0 |
_aAdvanced materials research ; _vv. 578. |
|
| 856 | 4 | 0 |
_uhttp://site.ebrary.com/lib/rucke/Doc?id=10777911 _zAn electronic book accessible through the World Wide Web; click to view |
| 999 |
_c131438 _d131438 |
||